LEADER 02015nam 22004093 450 001 9910157389903321 005 20251018060406.0 010 $a1-63477-182-6 035 $a(CKB)3710000001000873 035 $a(BIP)058819421 035 $a(MiAaPQ)EBC32337444 035 $a(Au-PeEL)EBL32337444 035 $a(EXLCZ)993710000001000873 100 $a20251018d2016 uy 0 101 0 $aeng 135 $aurcnu|||||||| 181 $ctxt$2rdacontent 182 $cc$2rdamedia 183 $acr$2rdacarrier 200 10$aRampant, Vol. 2 205 $a2nd ed. 210 1$aTallahassee :$cDreamspinner Press,$d2016. 210 4$dİ2016. 215 $a1 online resource (300 p.) $cill 225 1 $aLittle Goddess Series ;$vv.7 311 08$a1-63477-181-8 330 8 $aLittle Goddess: Book FourVol. 2 Lady Cory has carved out a life for herself not just as a wife to three husbands but also as one of the rulers of the supernatural communities of Northern California--and a college student in search of that elusive degree. When a supernatural threat comes crashing into the hard-forged peace of Green's Hill, she and Green determine that they're the ones in charge of stopping the abomination that created it. To protect the people they love, Cory, Bracken, and Nicky travel to Redding to confront a tight-knit family of vampires guarding a terrible secret. It also leads them to a conflict of loyalties, as Nicky's parents threaten to tear Nicky away from the family he's come to love more than his own life. Cory has to work hard to hold on to her temper and her life as she tries to prove that she and Green are not only leaders who will bind people to their hearts, but also protectors who will keep danger from running rampant. 410 0$aLittle Goddess Series 610 $aFiction 700 $aLane$b Amy$01435180 801 0$bMiAaPQ 801 1$bMiAaPQ 801 2$bMiAaPQ 906 $aBOOK 912 $a9910157389903321 996 $aRampant, Vol. 2$93596453 997 $aUNINA LEADER 02425nam 2200481 a 450 001 9911006808903321 005 20170303150546.0 010 $a1-62870-411-X 010 $a0-7277-5753-9 035 $a(MiAaPQ)EBC3306900 035 $a(StDuBDS)EDZ0000064119 035 $a(CKB)2670000000147263 035 $a(EXLCZ)992670000000147263 100 $a20120330d2012 fy| 0 101 0 $aeng 135 $aur||||||||||| 181 $ctxt$2rdacontent 182 $cc$2rdamedia 183 $acr$2rdacarrier 200 10$aDesigners' guide to Eurocode $ebasis of structural design, EN 1990 /$fH. Gulvanessian, J.-A. Calgaro, M. Holicky? 205 $a2nd ed. 210 $aLondon $cICE Publishing$d2012 215 $a1 online resource (ix, 190 p.) $cill 225 1 $aDesigners' guides to the Eurocodes 300 $aPrevious ed.: 2002. 311 08$a0-7277-4171-3 320 $aIncludes bibliographical references and index. 327 $aCh. 1. General -- Ch. 2. Requirements -- Ch. 3. Principles of limit states design -- Ch. 4. Basic variables -- Ch. 5. Structural analysis and design assisted by testing -- Ch. 6. Verification by the partial factor method -- Ch. 7. Annex A1 (normative) - application for buildings -- Ch 8. Management of structural reliability for construction works -- Ch. 9 Basis for partial factor design and reliability analysis -- Ch. 10. Design assisted by testing -- Appendix A. The construction products directive (89/106/EEC) -- Appendix B. The Eurocode suite -- Appendix C. Basic statistical terms and techniques -- Appendix D. National standard organisations -- Index. 330 8 $aEurocode is considered the primary document in the Eurocode suite and establishes for the structural Eurocodes the principles and requirements for safety and serviceability of structures. More importantly, EN 1990 must be applied whenever the Eurocodes 1 to 9 are used. 410 0$aDesigners' guides to the Eurocodes. 606 $aStructural design$xStandards$zEurope 606 $aStandards, Engineering$zEurope 615 0$aStructural design$xStandards 615 0$aStandards, Engineering 676 $a624.177102184 700 $aGulvanessian$b H$0290468 701 $aCalgaro$b J. A$g(Jean-Armand)$023615 801 0$bStDuBDS 801 1$bStDuBDS 906 $aBOOK 912 $a9911006808903321 996 $aDesigners' guide to Eurocode$94391179 997 $aUNINA